01010nam a2200241Ia 450000500170000000800390001702000190005610000340007524500480010925000400015730000270019749000440022450502200026865000400048865000420052865000380057026400260060833600270063433700330066133800280069404000350072208400110075720220317001040.0160825s2008 sp g 000 0 spa a978842063320121 aBorges, Jorge Luisd1899-198610aHistoria de la eternidadcJorge Luis Borges a1a. edición b10a. reimpresión  a179 páginas c17 cm  aEl libro de bolsillopbiblioteca Borges aHistoria de la eternidad ; Las Kenningar ; La metáfora ; La doctrina de los ciclos ; El tiempo circular ; El cápitan Burton ; El doctor Mardrus ; Enno Littmann ; El acercamiento de Almotásim ; Arte de injuriar142LEMBaCuentos argentinos ySiglo XX142LEMBaLiteratura argentina ySiglo XX142LEMBaEternidad en la literatura  aMadridbAlianzac2008 atextobtxt2rdacontent asin mediaciónbn2rdamedia avolumenbnc2rdacarrier aCO-BoRNBPbspaerdacCO-BoRNBP aC BOR2